000 00268nam a2200109Ia 4500
008 220204s9999 xx 000 0 und d
082 _a655.26
_bCRA
100 _aJames
245 0 _aProduction for the graphic designer
260 _aNew York
_bWatson
_c1974
942 _cBK
999 _c30394
_d30394